000 01632nam a2200433 i 4500
001 33356
003 FINmELB
005 20241216220821.0
006 m o d |
007 cr cnu||||||||
008 171027s2013 sp a o 000 0 spa d
020 _a9788436829280
_q(e-book)
035 _a(OCoLC)1145098986
040 _aFINmELB
_bspa
_erda
_cFINmELB
050 4 _aTX651
_bL333 2013
080 _a641.5
082 0 _a641.5
_223
100 1 _aLarrea, José Luis.
245 1 0 _aInnovación abierta y alta cocina :
_baprender a innovar con Mugaritz /
_cJosé Luis Larrea, Andoni Luis Aduriz.
264 1 _aMadrid :
_bEdiciones Pirámide,
_c2013.
300 _a1 recurso en línea (244 páginas) :
_bilustraciones
336 _atexto
_btxt
_2rdacontent/spa
337 _acomputadora
_bc
_2rdamedia/spa
338 _arecurso en línea
_bcr
_2rdacarrier/spa
490 1 _aEmpresa y gestión
588 _aDescripción basada en metadatos suministrados por el editor y otras fuentes.
590 _aRecurso electrónico. Santa Fe, Arg.: elibro, 2020. Disponible vía World Wide Web. El acceso puede estar limitado para las bibliotecas afiliadas a elibro.
600 1 0 _aAduriz, Andoni Luis,
_d1971-
_xInterviews.
610 2 0 _aMugaritz (Restaurant)
650 0 _aCooking
_xTechnique.
650 4 _aCocina.
655 4 _aLibros electrónicos.
700 1 _aAduriz, Luis Andoni,
_eautor.
797 2 _aelibro, Corp.
830 0 _aEmpresa y gestión.
856 4 0 _uhttps://elibro.net/ereader/politecnicointernacional/114708
999 _c33356
_d33356